LEADER 00843cam0 2200241 450 001 E600200027245 005 20210310080045.0 100 $a20070525d1929 |||||ita|0103 ba 101 $aita 102 $aIT 200 1 $aHomo faber$eStoria del concetto di lavoro nella civiltà occidentale. Analisi filosofica di concetti affini$fAdriano Tilgher 210 $aRoma$cLibreria di Scienze e Lettere$d1929 215 $a194 p.$d22 cm 700 1$aTilgher$b, Adriano$3AF00014917$4070$0128178 801 0$aIT$bUNISOB$c20210310$gRICA 850 $aUNISOB 852 $aUNISOB$j100$m134283 912 $aE600200027245 940 $aM 102 Monografia moderna SBN 941 $aM 957 $a100$b011032$gSi$d134283$rdono G. Santonastaso$1beth$2UNISOB$3UNISOB$420070525083022.0$520210310080016.0$6Alfano 996 $aHomo faber$9224327 997 $aUNISOB